| 000 | 00855 a2200217 4500 | ||
|---|---|---|---|
| 005 | 20160525084507.0 | ||
| 008 | 160525s ck d|||fr|||| 000 0 spa d | ||
| 020 | _a9789588722894 | ||
| 040 |
_aCO-BoUCM _bspa _cSaul Niño _dSaul Niño |
||
| 041 | 0 | _aspa | |
| 100 | 1 |
_aRamírez, Germán _977402 |
|
| 245 |
_aCartilla de administración municipal _cGermán Ramírez |
||
| 260 |
_aBogotá (Colombia) _bColegio de Estudios Superiores de Administración (CESA) _c2015 |
||
| 300 |
_a183 páginas _bgráficas _eCD-ROM |
||
| 650 | 7 |
_aAdministración municipal _zColombia _930832 |
|
| 650 | 7 |
_921618 _aPlaneación de los recursos humanos _zColombia |
|
| 650 | 7 |
_925507 _aToma de decisiones en administración pública _zColombia |
|
| 690 | 0 |
_aAdministración pública _9355 |
|
| 942 |
_cLIBRO _2DEWEY _a16 _e1 _h352.0072 _mR173ca |
||
| 999 |
_c303481 _d303481 |
||